000 00213 a2200097 4500
001 29334
100 _aPrice
245 _aIntroduction to computer data processing
260 _a
_bH R W
_c
090 _c19555
_d19555
942 _aNUST-CAE
_cM
_c10619
999 _c264407
_d264407